书目信息 |
| 题名: |
如何建造一座小木屋
|
|
| 作者: | 库特哈德 著 ;菲利普斯 , 范晓玲 绘 | |
| 分册: | ||
| 出版信息: | 桂林 漓江出版社有 2022.04 |
|
| 页数: | 130页 | |
| 开本: | 22cm | |
| 丛书名: | ||
| 单 册: | ||
| 中图分类: | TU241-49 | |
| 科图分类: | ||
| 主题词: | 木结构--mu jie gou--住宅--建筑设计--普及读物 | |
| 电子资源: | ||
| ISBN: | 978-7-5407-9211-4 | |
| 000 | 01329nam0 2200265 450 | |
| 001 | 27790 | |
| 005 | 20221008100956.82 | |
| 010 | @a978-7-5407-9211-4@b精装@dCNY78.00 | |
| 100 | @a20220628d2022 em y0chiy50 ea | |
| 101 | 1 | @achi@ceng |
| 102 | @aCN@b450000 | |
| 105 | @aa z 000yy | |
| 200 | 1 | @a如何建造一座小木屋@Aru he jian zao yi zuo xiao mu wu@f(英) 莎莉·库特哈德著@g(英) 李·约翰·菲利普斯绘@d= How to build a shed@fSally Coulthard@gLee John Phillips@g范晓玲译@zeng |
| 210 | @a桂林@c漓江出版社有@d2022.04 | |
| 215 | @a130页@c图@d22cm | |
| 300 | @a后浪 | |
| 330 | @a本书将教你如何建造一座简单而精美的小木屋, 容易建造, 看上去很不错, 并且整个建造过程能给你带来快乐的体验。任何人使用此书都可以, 即便你是DIY的新手也没关系, 这本书就像一个建筑图纸, 引领你一步一步完成整个工程。本书用精致的手绘图和详细的说明文字, 回答了书名的提问“如何建造一座小木屋”。本书也是一本小木屋建造手册, 一般人按部就班就能大兴土木直到完工, 在此过程中能极大地提高动手能力。 | |
| 500 | 10 | @aHow to build a shed@mChinese |
| 606 | 0 | @a木结构@Amu jie gou@x住宅@x建筑设计@j普及读物 |
| 690 | @aTU241-49@v5 | |
| 701 | 1 | @a库特哈德@Aku te ha de@g(Coulthard, Sally)@4著 |
| 702 | 1 | @a菲利普斯@Afei li pu si@g(Phillips, Lee John)@4绘 |
| 702 | 0 | @a范晓玲@Afan xiao ling@4译 |
| 801 | 0 | @aCN@c20220910 |
| 905 | @a河南城建学院图书馆@dTU241-49@eK860@f2 | |
| 如何建造一座小木屋/(英) 莎莉·库特哈德著/(英) 李·约翰·菲利普斯绘= How to build a shed/Sally Coulthard/Lee John Phillips/范晓玲译.-桂林:漓江出版社有,2022.04 |
| 130页:图;22cm |
| 后浪 |
| ISBN 978-7-5407-9211-4(精装):CNY78.00 |
| 本书将教你如何建造一座简单而精美的小木屋, 容易建造, 看上去很不错, 并且整个建造过程能给你带来快乐的体验。任何人使用此书都可以, 即便你是DIY的新手也没关系, 这本书就像一个建筑图纸, 引领你一步一步完成整个工程。本书用精致的手绘图和详细的说明文字, 回答了书名的提问“如何建造一座小木屋”。本书也是一本小木屋建造手册, 一般人按部就班就能大兴土木直到完工, 在此过程中能极大地提高动手能力。 |
| ● |
| 相关链接 |
|
|
|
正题名:如何建造一座小木屋
索取号:TU241-49/K860
 
预约/预借
| 序号 | 登录号 | 条形码 | 馆藏地/架位号 | 状态 | 备注 |
| 1 | 1580167 | 215801675 | 建筑库101/101建筑库 60排2列4层/ [索取号:TU241-49/K860] | 在馆 | |
| 2 | 1580168 | 215801684 | 建筑库101/101建筑库 60排2列4层/ [索取号:TU241-49/K860] | 在馆 |